Movies Quiz

Random Movies or Grab Bag Quiz

One-Word Movies by Category Quiz Stats

 Plays Quiz Updated Feb 14, 2018

Challenge
Share
Tweet
Embed
Score 0/76 Timer 10:00
0 Plays Today
Category Movie % Correct
PixarUp
75.7%
PixarCars
70.6%
Disney*Cinderella
70.4%
Hitchcock 1940-72Psycho
67.4%
007Goldfinger
63.1%
Disney*Aladdin
55%
007Octopussy
54.4%
007GoldenEye
53.1%
007Skyfall
52.7%
DreamWorks*Shrek
52.3%
007Spectre
52.2%
PixarBrave
51.6%
Hitchcock 1940-72Vertigo
47.2%
Disney*Mulan
46.8%
Disney*Frozen
46.3%
Disney*Pocahontas
45%
Disney*Fantasia
45%
Disney*Dumbo
44.2%
007Moonraker
41.8%
Disney*Pinocchio
41.5%
Disney*Bambi
41.2%
Disney*Tangled
39.8%
Oscar Best PictureMoonlight
39.8%
PixarRatatouille
38.6%
Oscar Best PictureTitanic
38.4%
007Thunderball
37.8%
Oscar Best PictureCrash
36.7%
Mel BrooksSpaceballs
35.7%
DreamWorks*Antz
32.3%
Disney*Moana
30.8%
Oscar Best PictureArgo
29.9%
Oscar Best PictureSpotlight
29.3%
Disney*Hercules
29.2%
Disney*Tarzan
27.3%
Oscar Best PictureCasablanca
26.9%
Oscar Best PictureGladiator
26.4%
PixarCoco
24%
Oscar Best PictureBraveheart
23.5%
Category Movie % Correct
Star Trek:Generations
22.7%
Hitchcock 1940-72Rope
22.6%
Disney*Zootopia
22.1%
Oscar Best PictureRocky
21.8%
Star Trek:Nemesis
21.6%
Star Trek:Beyond
21.5%
Oscar Best PictureBirdman
21.4%
Disney*Bolt
20.8%
Star Trek:Insurrection
20.6%
Hitchcock 1940-72Rebecca
20.5%
Oscar Best PictureRebecca
20.5%
Oscar Best PictureChicago
20%
Oscar Best PictureWings
19.1%
Oscar Best PictureGandhi
17.9%
Oscar Best PicturePlatoon
17.8%
DreamWorks*Madagascar
17.5%
Oscar Best PictureUnforgiven
16.1%
Oscar Best PicturePatton
16%
Oscar Best PictureAmadeus
15.6%
Oscar Best PictureOliver!
13.1%
Hitchcock 1940-72Marnie
13%
Oscar Best PictureMarty
12.7%
Oscar Best PictureGigi
11.8%
Hitchcock 1940-72Notorious
11.4%
Hitchcock 1940-72Frenzy
10.9%
Oscar Best PictureCimarron
10.4%
Disney*Dinosaur
10.3%
DreamWorks*Home
9.4%
Hitchcock 1940-72Suspicion
9.1%
Oscar Best PictureHamlet
9%
DreamWorks*Trolls
8.3%
Hitchcock 1940-72Lifeboat
7.9%
Oscar Best PictureCavalcade
7.9%
Hitchcock 1940-72Topaz
7.4%
Hitchcock 1940-72Spellbound
6.7%
Hitchcock 1940-72Saboteur
6.1%
DreamWorks*Megamind
6.1%
DreamWorks*Turbo
5.9%

You're not logged in!

Compare scores with friends on all Sporcle quizzes.
Join for Free
OR
Log In

You Might Also Like...

Show Comments

Extras

Top Quizzes Today


Score Distribution

Your Account Isn't Verified!

In order to create a playlist on Sporcle, you need to verify the email address you used during registration. Go to your Sporcle Settings to finish the process.

Report this User

Report this user for behavior that violates our Community Guidelines.

Details: